000 00457nam a2200193Ia 4500
005 20240823054404.0
008 240823s9999||||xx |||||||||||||| ||und||
020 _a81-239-1039-78
041 _aENGLISH
082 _A552.1 P3
100 _aHatch F H et al.
245 0 _aIgneous Rocks
250 _a1st
260 _c2003
_b"CBS Publishers & Distributors,New "
500 _aYES
650 _aIgneous Rocks
_bCivil
942 _cBK
999 _c226342
_d226342